| 000 | 00629nam a2200241Ia 4500 | ||
|---|---|---|---|
| 001 | 3414 | ||
| 003 | GE_BSU | ||
| 008 | 181216s||||||||xx |||||||||||||| ||und|| | ||
| 020 | _a572450247 | ||
| 040 | _cGE_BSU | ||
| 080 | _a667.64(075.8) | ||
| 100 | _aЯковлев,А.Д | ||
| 245 | _aХимия и технология лакокрасочных покрытий | ||
| 245 | _bУчебник для вузов | ||
| 245 | _cРед.А.Е.Пинчук | ||
| 250 | _aИзд 2-ое.Перераб. | ||
| 260 | _aЛ | ||
| 260 | _bХимия | ||
| 260 | _c1989 | ||
| 300 | _a384 стр. | ||
| 300 | _c22см | ||
| 942 | _cBK | ||
| 999 |
_c37453 _d37453 |
||